[Event " "]
[Site "Lyon Olympique Echecs"]
[Date "31.??.??"]
[Round "10.7"]
[White "Laruelle, Joel"]
[Black "Sermier, Alain"]
[Result "1/2-1/2"]
[WhiteElo "2136"]
[BlackElo "2121"]
[PlyCount "65"]
[EventDate "31.??.??"]
[WhiteTeam "Hyères"]
[BlackTeam "Besançon T.P.G."]

1. d4 d5 2. Nf3 c6 3. c4 e6 4. Qc2 f5 5. Bf4 Nf6 6. Nc3 Be7 7. e3 O-O 8. h4 Ne4
9. g3 Nd7 10. Bh3 Ndf6 11. Nxe4 Nxe4 12. O-O Qe8 13. Rac1 h6 14. Nd2 Qh5 15.
Qd1 Qxd1 16. Rfxd1 g5 17. hxg5 hxg5 18. Be5 Nf6 19. Bxf6 Rxf6 20. Bg2 g4 21.
Nb3 Rf8 22. Rc2 Kf7 23. Nc1 Kf6 24. c5 e5 25. dxe5+ Kxe5 26. Nd3+ Kf6 27. b4 a6
28. Nf4 Rd8 29. Kf1 Be6 30. Ke2 Bf7 31. a4 Ke5 32. Nd3+ Kf6 33. Nf4 1/2-1/2

[Event " "]
[Site "Lyon Olympique Echecs"]
[Date "31.??.??"]
[Round "10.8"]
[White "Hisleur, Gaelle"]
[Black "Mallet, Celine"]
[Result "1-0"]
[WhiteElo "1916"]
[BlackElo "2028"]
[PlyCount "53"]
[EventDate "31.??.??"]
[WhiteTeam "Besançon T.P.G."]

1. e4 c5 2. Nc3 Nc6 3. g3 g6 4. Bg2 Bg7 5. d3 e6 6. Be3 d6 7. Qd2 Rb8 8. Nf3
Nge7 9. Bh6 O-O 10. h4 d5 11. h5 dxe4 12. hxg6 fxg6 13. Nxe4 Nd4 14. Bxg7 Nxf3+
15. Bxf3 Kxg7 16. Qh6+ Kf7 17. Qf4+ Ke8 18. Nf6+ Rxf6 19. Qxf6 h5 20. O-O-O Qa5
21. Kb1 b5 22. Qe5 Qb6 23. g4 a5 24. gxh5 gxh5 25. Bxh5+ Kd7 26. Bg4 Ra8 27.
Rde1 1-0

[Event " "]
[Site "Lyon Olympique Echecs"]
[Date "31.??.??"]
[Round "10.1"]
[White "Karim, Ismael"]
[Black "Lerch, Patrice"]
[Result "1/2-1/2"]
[WhiteElo "2348"]
[BlackElo "2307"]
[PlyCount "87"]
[EventDate "31.??.??"]
[WhiteTeam "Paris Chess Club II"]
[BlackTeam "Mulhouse II"]

1. e4 c5 2. Nf3 Nc6 3. d4 cxd4 4. Nxd4 g6 5. c4 Bg7 6. Be3 Nf6 7. Nc3 O-O 8.
Be2 b6 9. O-O Bb7 10. Ndb5 Qb8 11. Rc1 Rd8 12. f4 d6 13. Qe1 Rd7 14. Qh4 Qd8
15. g4 a6 16. Na3 Nb4 17. Rf3 Nxe4 18. Rh3 h6 19. Rf1 e6 20. Qe1 Nxc3 21. bxc3
Nc6 22. Qf2 Bxc3 23. Rxh6 Qf6 24. Nc2 d5 25. f5 exf5 26. gxf5 d4 27. Qg3 dxe3
28. fxg6 Qg7 29. Rh7 fxg6 30. Rxg7+ Kxg7 31. Qxe3 Be5 32. Rd1 Re7 33. Qxb6 Rh8
34. Bf3 Rxh2 35. Bxc6 Rxc2 36. Bxb7 Rb2 37. Qc6 Rexb7 38. c5 Bf4 39. Qd5 Be3+
40. Kh1 R7b5 41. Qd6 Bxc5 42. Qxa6 R5b4 43. Qc8 Rc4 44. Rd7+ 1/2-1/2

[Event " "]
[Site "Lyon Olympique Echecs"]
[Date "31.??.??"]
[Round "10.2"]
[White "Fargere, Francois"]
[Black "Cohen, Aurelien"]
[Result "1/2-1/2"]
[WhiteElo "2344"]
[BlackElo "2219"]
[PlyCount "59"]
[EventDate "31.??.??"]
[WhiteTeam "Mulhouse II"]

1. e4 c5 2. Nf3 Nc6 3. Bb5 g6 4. O-O Bg7 5. c3 Nf6 6. e5 Nd5 7. d4 cxd4 8. cxd4
O-O 9. Nc3 Nxc3 10. bxc3 d6 11. Re1 Bg4 12. exd6 Qxd6 13. h3 Bf5 14. a4 Rfc8
15. Ba3 Qc7 16. g4 Bd7 17. d5 Ne5 18. Bxd7 Nxd7 19. Rc1 Nc5 20. Nd4 b6 21. Nc6
Bf6 22. Qf3 Re8 23. Bxc5 bxc5 24. c4 Kg7 25. Qe3 e6 26. Qxc5 exd5 27. cxd5
Rxe1+ 28. Rxe1 Rd8 29. Rd1 Rd7 30. g5 1/2-1/2

[Event " "]
[Site "Lyon Olympique Echecs"]
[Date "31.??.??"]
[Round "10.4"]
[White "Deschler, Fabrice"]
[Black "Kessler, Martin"]
[Result "0-1"]
[WhiteElo "2172"]
[BlackElo "2149"]
[PlyCount "156"]
[EventDate "31.??.??"]
[WhiteTeam "Mulhouse II"]

1. d4 Nf6 2. c4 e6 3. g3 Bb4+ 4. Bd2 c5 5. Bxb4 cxb4 6. Bg2 Qc7 7. Nd2 O-O 8.
e3 d6 9. Ne2 e5 10. h3 Nc6 11. O-O Bf5 12. d5 Ne7 13. e4 Bg6 14. g4 Nd7 15. Ng3
Nc5 16. Nb3 a5 17. a3 a4 18. Nxc5 Qxc5 19. axb4 Qxb4 20. Qe2 Rfc8 21. Rfc1 Rc5
22. Bf1 f6 23. Rc3 Be8 24. Qc2 Ng6 25. Nf5 Rc7 26. b3 b5 27. bxa4 bxa4 28. Rb1
Qc5 29. Qa2 Bd7 30. Qa3 Bxf5 31. gxf5 Nf8 32. Rb5 Qxa3 33. Rxa3 Nd7 34. Bd3 Kf8
35. Kf1 Ke7 36. Ke2 Nc5 37. Bc2 Ra6 38. Kd2 Kd7 39. Kc3 Kc8 40. Kb4 Rca7 41. h4
Rb7 42. Rxb7 Kxb7 43. Rg3 a3 44. Rxg7+ Kb6 45. Rg1 a2 46. Ra1 Ra5 47. f3 Na6+
48. Kb3 Kc5 49. Kc3 Nb4 50. Bb3 Ra7 51. h5 h6 52. Kb2 Rg7 53. Bxa2 Rg2+ 54. Kb3
Rf2 55. Bb1 Rxf3+ 56. Kb2 Rf2+ 57. Kc3 Rf3+ 58. Kd2 Kd4 59. Ra7 Rf2+ 60. Kc1
Rh2 61. c5 Kxc5 62. Rf7 Kd4 63. Rxf6 Kc3 64. Kd1 Rh1+ 65. Ke2 Rxb1 66. Rxd6 Kd4
67. f6 Rb2+ 68. Kf3 Nd3 69. Ra6 Rf2+ 70. Kg3 Kxe4 71. Ra4+ Ke3 72. Ra6 e4 73.
Re6 Rf3+ 74. Kh2 Nf2 75. Kg2 Ng4 76. d6 Nxf6 77. Re7 Rf2+ 78. Kg3 Rd2 0-1

[Event " "]
[Site "Lyon Olympique Echecs"]
[Date "31.??.??"]
[Round "10.5"]
[White "Moussard, Jules"]
[Black "Tournier, Pascal"]
[Result "1-0"]
[WhiteElo "2181"]
[BlackElo "2126"]
[PlyCount "65"]
[EventDate "31.??.??"]
[WhiteTeam "Paris Chess Club II"]
[BlackTeam "Mulhouse II"]

1. e4 Nf6 2. e5 Nd5 3. d4 d6 4. c4 Nb6 5. exd6 exd6 6. Nc3 Be7 7. h3 O-O 8. Nf3
Re8 9. Be2 Bf6 10. O-O Bf5 11. Bf4 Nc6 12. Rc1 a6 13. a3 a5 14. b3 Qd7 15. Qd2
Bg6 16. Rfd1 Rad8 17. Nb5 Re7 18. Bf1 Be4 19. Rc3 Qf5 20. Bg3 g5 21. Re3 a4 22.
b4 Rdd7 23. d5 Ne5 24. Nxe5 Bxe5 25. Bxe5 Rxe5 26. Qd4 Nc8 27. Rde1 Rde7 28.
Nxc7 f6 29. Ne6 Bc2 30. c5 Rxd5 31. Bc4 Bb3 32. Bxd5 Bxd5 33. g4 1-0

[Event " "]
[Site "Lyon Olympique Echecs"]
[Date "31.??.??"]
[Round "10.6"]
[White "Schmitt, Fabien"]
[Black "Kohi, Camilla"]
[Result "1-0"]
[WhiteElo "2164"]
[BlackElo "1875"]
[PlyCount "53"]
[EventDate "31.??.??"]
[WhiteTeam "Mulhouse II"]

1. d4 Nf6 2. Nf3 g6 3. c4 Bg7 4. Nc3 O-O 5. e4 d6 6. Be2 Nc6 7. O-O e5 8. d5
Ne7 9. b4 a5 10. bxa5 Rxa5 11. a4 Nd7 12. Nd2 b6 13. Nb3 Ra8 14. a5 f5 15. axb6
Nxb6 16. Rxa8 Nxa8 17. c5 fxe4 18. Bc4 Kh8 19. Nxe4 dxc5 20. d6 Nf5 21. Bg5 Qe8
22. Nbxc5 cxd6 23. Nxd6 Nxd6 24. Qxd6 h6 25. Be3 Rf6 26. Qb8 Rf8 27. Qxa8 1-0

[Event " "]
[Site "Lyon Olympique Echecs"]
[Date "31.??.??"]
[Round "10.7"]
[White "Figiel, Alexis"]
[Black "Leburgue, Sylvain"]
[Result "0-1"]
[WhiteElo "1750"]
[BlackElo "2235"]
[PlyCount "66"]
[EventDate "31.??.??"]
[WhiteTeam "Paris Chess Club II"]
[BlackTeam "Mulhouse II"]

1. Nf3 d5 2. d4 Nf6 3. c4 c6 4. Nc3 e6 5. Bf4 Nbd7 6. e3 Be7 7. Bd3 O-O 8. O-O
dxc4 9. Bxc4 h6 10. h3 b5 11. Bd3 Bb7 12. Ne4 Nxe4 13. Bxe4 Nf6 14. Qc2 Nxe4
15. Qxe4 Qb6 16. Ne5 c5 17. dxc5 Bxc5 18. Qc2 Rfd8 19. Rfd1 Rac8 20. Rxd8+ Rxd8
21. Rc1 Bd6 22. Nd3 Be4 23. Qe2 Bxd3 24. Qxd3 Bxf4 25. Qe4 Bb8 26. Qc2 Be5 27.
b3 b4 28. Qe4 Qd6 29. g3 Bc3 30. Qc2 Qd2 31. Qxd2 Rxd2 32. a3 bxa3 33. Rxc3
Rd1+ 0-1

[Event " "]
[Site "Lyon Olympique Echecs"]
[Date "31.??.??"]
[Round "10.8"]
[White "Richard, Emma"]
[Black "Allouet, Jean-Marc"]
[Result "1-0"]
[WhiteElo "2004"]
[BlackElo "1650"]
[PlyCount "75"]
[EventDate "31.??.??"]
[WhiteTeam "Mulhouse II"]

1. e4 e5 2. Nf3 Nf6 3. Nxe5 d6 4. Nf3 Nxe4 5. d3 Nf6 6. Nc3 Nc6 7. Bg5 Be7 8.
d4 Bg4 9. Be2 d5 10. O-O O-O 11. Re1 a6 12. Ne5 Bd7 13. Bxf6 Bxf6 14. Nxd5 Bxe5
15. dxe5 Nxe5 16. Bxa6 Rxa6 17. Rxe5 Be6 18. Nc3 Rd6 19. Qf3 f6 20. Re3 Re8 21.
Rae1 Bd7 22. Ne4 Bc6 23. Nxd6 Rxe3 24. Qxe3 Qxd6 25. Qe6+ Kf8 26. Qxd6+ cxd6
27. c4 Kf7 28. b4 b5 29. cxb5 Bxb5 30. f4 d5 31. f5 g6 32. Rd1 Bc4 33. a4 gxf5
34. b5 Ke6 35. Kf2 Bb3 36. Rd4 Ke5 37. Rb4 Bc4 38. b6 1-0

[Event " "]
[Site "Lyon Olympique Echecs"]
[Date "31.??.??"]
[Round "10.1"]
[White "Pira, Davoud"]
[Black "Lazarev, Vladimir"]
[Result "0-1"]
[WhiteElo "2416"]
[BlackElo "2509"]
[PlyCount "76"]
[EventDate "31.??.??"]
[WhiteTeam "Lutèce Echecs"]
[BlackTeam "Lyon Olympique Echecs"]

1. d4 Nf6 2. Nf3 d5 3. c4 e6 4. Nc3 Bb4 5. e3 c5 6. Bd3 O-O 7. O-O dxc4 8. Bxc4
Qe7 9. Na4 cxd4 10. exd4 Nc6 11. a3 Ba5 12. b4 Bc7 13. b5 Na5 14. Bd3 h6 15.
Re1 b6 16. Ne5 Bb7 17. Nc3 Rfd8 18. Bc2 Bxe5 19. Rxe5 Rac8 20. Qd3 Qc7 21. Re3
Qc4 22. Rg3 Rxd4 23. Qe3 Rg4 24. Bb2 Rxg3 25. Qxg3 Qg4 26. Qxg4 Nxg4 27. Rd1
Nf6 28. Bb1 Kf8 29. f3 Ke8 30. a4 Nc4 31. Bc1 Nd5 32. Ne4 f5 33. Nd2 Nc3 34.
Nxc4 Rxc4 35. Bd3 Rxa4 36. Re1 Kf7 37. Bd2 Rd4 38. Bxf5 Rxd2 0-1

[Event " "]
[Site "Lyon Olympique Echecs"]
[Date "31.??.??"]
[Round "10.2"]
[White "Vernay, Clovis"]
[Black "San Emeterio Cabanes, Jose L"]
[Result "1-0"]
[WhiteElo "2347"]
[BlackElo "2382"]
[PlyCount "81"]
[EventDate "31.??.??"]
[WhiteTeam "Lyon Olympique Echecs"]

1. d4 Nf6 2. c4 g6 3. Nc3 Bg7 4. e4 d6 5. Bd3 e5 6. d5 Nbd7 7. Nge2 O-O 8. O-O
Ne8 9. a4 a5 10. Ra3 Nc5 11. Bb1 c6 12. Be3 Nc7 13. Qd2 cxd5 14. exd5 f5 15. f4
b6 16. Rd1 Ba6 17. Nb5 Nxb5 18. cxb5 Bb7 19. b4 axb4 20. Qxb4 Qh4 21. Bc2 g5
22. Qb1 Qg4 23. Bxc5 dxc5 24. Ng3 e4 25. fxg5 Qxg5 26. Kh1 Rad8 27. Ne2 Be5 28.
Rh3 Rd6 29. Bb3 Rg6 30. Rg1 Rff6 31. Qc2 Kg7 32. a5 bxa5 33. Qxc5 f4 34. Bc2 f3
35. gxf3 exf3 36. Rxg5 f2 37. Qe7+ Kg8 38. Rxg6+ hxg6 39. Qe8+ Rf8 40. Qxg6+
Bg7 41. Rh8+ 1-0

[Event " "]
[Site "Lyon Olympique Echecs"]
[Date "31.??.??"]
[Round "10.3"]
[White "Lamorelle, Yves"]
[Black "Renaze, Luc"]
[Result "1/2-1/2"]
[WhiteElo "2245"]
[BlackElo "2339"]
[PlyCount "37"]
[EventDate "31.??.??"]
[WhiteTeam "Lutèce Echecs"]
[BlackTeam "Lyon Olympique Echecs"]

1. e4 e5 2. Nf3 Nc6 3. Bc4 Bc5 4. d3 Nf6 5. O-O d6 6. c3 a6 7. Bb3 h6 8. d4 Ba7
9. dxe5 Nxe5 10. Nxe5 dxe5 11. Qxd8+ Kxd8 12. Nd2 Ke7 13. Nc4 Nxe4 14. Nxe5 Be6
15. Bc2 Nd6 16. Re1 Rhe8 17. Bf4 g5 18. Be3 Bxe3 19. Rxe3 1/2-1/2

[Event " "]
[Site "Lyon Olympique Echecs"]
[Date "31.??.??"]
[Round "10.4"]
[White "Benitah, Yohan"]
[Black "Babault, Patrice"]
[Result "0-1"]
[WhiteElo "2434"]
[BlackElo "2324"]
[PlyCount "92"]
[EventDate "31.??.??"]
[WhiteTeam "Lyon Olympique Echecs"]

1. d4 d5 2. c4 c6 3. e3 Nf6 4. Nc3 e6 5. Nf3 Nbd7 6. Qc2 Bd6 7. Bd3 O-O 8. O-O
dxc4 9. Bxc4 b5 10. Bd3 Bb7 11. Bd2 a6 12. Ne4 Nxe4 13. Bxe4 f5 14. Bd3 c5 15.
Be2 Rf6 16. h3 Rg6 17. a4 $11 Rc8 18. Qd1 c4 19. axb5 axb5 20. Ne1 Qh4 21. f4
Qxh3 22. Bf3 Be4 23. Ra6 Bf8 24. Rxe6 Nf6 25. Qe2 b4 26. Rb6 Qh4 27. Qf2 Qxf2+
28. Rxf2 c3 29. bxc3 bxc3 30. Bc1 Bxf3 31. Nxf3 Ne4 32. Rxg6 Nxf2 33. Kxf2 hxg6
34. Ke2 Ra8 35. Kd3 Ra1 36. Kc2 Kf7 37. Ne5+ Ke6 38. Nxg6 Bd6 39. Nh4 Kd5 40.
Nxf5 Bf8 41. e4+ Kxe4 42. Ng3+ Kxd4 43. Nf5+ Kd5 44. g4 Ke4 45. Nh4 Rxc1+ 46.
Kxc1 Kd3 0-1

[Event " "]
[Site "Lyon Olympique Echecs"]
[Date "31.??.??"]
[Round "10.5"]
[White "Stoven, Gilles-Noel"]
[Black "Ravot, Sylvain"]
[Result "0-1"]
[WhiteElo "2142"]
[BlackElo "2226"]
[PlyCount "46"]
[EventDate "31.??.??"]
[WhiteTeam "Lutèce Echecs"]
[BlackTeam "Lyon Olympique Echecs"]

1. e4 c5 2. d4 cxd4 3. c3 dxc3 4. Nxc3 e6 5. Nf3 a6 6. Bc4 Nc6 7. O-O Qc7 8.
Bg5 Bd6 9. Nd5 exd5 10. Qxd5 Nd8 11. Bxd8 Kxd8 12. Qxf7 Ne7 13. Qxg7 Ng6 14.
Qf6+ Be7 15. Qd4 Qc5 16. Qd3 Rf8 17. Rac1 Nf4 18. Qc3 Qh5 19. Nd2 b5 20. Qa5+
Ke8 21. Bd5 Rf6 22. f3 Bd8 23. Rc7 Qe5 0-1

[Event " "]
[Site "Lyon Olympique Echecs"]
[Date "31.??.??"]
[Round "10.6"]
[White "Safranska, Anda"]
[Black "Derieux, Christian"]
[Result "0-1"]
[WhiteElo "2295"]
[BlackElo "2190"]
[PlyCount "108"]
[EventDate "31.??.??"]
[WhiteTeam "Lyon Olympique Echecs"]

1. e4 c5 2. Nf3 d6 3. Bc4 Nf6 4. d3 Bg4 5. h3 Bh5 6. Nbd2 Nc6 7. g4 Bg6 8. a4
d5 9. exd5 Nxd5 10. Ne4 e6 11. Qe2 Be7 12. Bd2 O-O 13. Ng3 a6 14. h4 h6 15. h5
Bh7 16. Kf1 Nd4 17. Nxd4 cxd4 18. Kg1 Bg5 19. Re1 Rc8 20. Rh2 Bf4 21. Bxf4 Nxf4
22. Qf3 Qa5 23. Kf1 e5 24. Bb3 Qd2 25. Ne4 Qb4 26. Qd1 Qe7 27. Kg1 Kh8 28. Ng3
Qg5 29. Kh1 Rc7 30. f3 Rfc8 31. Ne4 Bxe4 32. Rxe4 Qe7 33. Kg1 b5 34. axb5 axb5
35. Re1 Ra7 36. Qd2 Qd6 37. Qf2 Rca8 38. Qd2 f6 39. Kf2 Qc7 40. Rhh1 Qc5 41.
Kg3 Qd6 42. Kf2 Rf8 43. Ra1 Rxa1 44. Rxa1 f5 45. gxf5 Qe7 46. Ke1 Qh4+ 47. Qf2
Qh1+ 48. Qf1 Qxh5 49. Ra5 Qxf5 50. Rxb5 Ra8 51. Kf2 Qg5 52. Qh1 Kh7 53. Qh2 Ra1
54. c3 Nh3+ 0-1

[Event " "]
[Site "Lyon Olympique Echecs"]
[Date "31.??.??"]
[Round "10.7"]
[White "Wunderman, Xavier"]
[Black "Lacour, Serge"]
[Result "1-0"]
[WhiteElo "2136"]
[BlackElo "2172"]
[PlyCount "91"]
[EventDate "31.??.??"]
[WhiteTeam "Lutèce Echecs"]
[BlackTeam "Lyon Olympique Echecs"]

1. e4 c5 2. Nc3 Nc6 3. g3 g6 4. Bg2 Bg7 5. d3 Rb8 6. a4 d6 7. Be3 a6 8. Nge2 h5
9. h3 Bd7 10. Qd2 b5 11. axb5 axb5 12. O-O Qc8 13. Kh2 h4 14. g4 b4 15. Nd1 e5
16. f4 exf4 17. Bxf4 Ne5 18. Ne3 Be6 19. Ra7 Ne7 20. c3 N7c6 21. Raa1 bxc3 22.
bxc3 Rb3 23. Rfb1 O-O 24. Rxb3 Bxb3 25. d4 cxd4 26. cxd4 Nc4 27. Qd3 Nxe3 28.
Bxe3 Be6 29. Rc1 Qe8 30. Qb5 Bd7 31. Qg5 Qd8 32. Qd5 Ne7 33. Qxd6 Bb5 34. Qxd8
Rxd8 35. Nc3 Bc6 36. e5 Bxg2 37. Kxg2 Nc6 38. Nb5 Nb4 39. Kf3 Rd5 40. Nc3 Ra5
41. Ke4 Kf8 42. Rb1 Nc6 43. Nd5 Ke8 44. Rb6 Nd8 45. Rb8 Kd7 46. Nb6+ 1-0

[Event " "]
[Site "Lyon Olympique Echecs"]
[Date "1.??.??"]
[Round "11.1"]
[White "Fedorchuk, Sergey A"]
[Black "Savchenko, Stanislav"]
[Result "1/2-1/2"]
[WhiteElo "2603"]
[BlackElo "2545"]
[PlyCount "28"]
[EventDate "1.??.??"]
[WhiteTeam "Vincennes"]
[BlackTeam "Marseille Duchamps"]

1. e4 c5 2. Nf3 d6 3. d4 cxd4 4. Nxd4 Nf6 5. Nc3 a6 6. Be3 e5 7. Nf3 Be7 8. Bc4
O-O 9. O-O Nc6 10. Qe2 Na5 11. Bd5 Bd7 12. a4 Rc8 13. Ba2 Rxc3 14. bxc3 Nxe4
1/2-1/2

[Event " "]
[Site "Lyon Olympique Echecs"]
[Date "1.??.??"]
[Round "11.2"]
[White "Howell, David W L"]
[Black "Velikov, Petar"]
[Result "1-0"]
[WhiteElo "2471"]
[BlackElo "2448"]
[PlyCount "85"]
[EventDate "1.??.??"]
[WhiteTeam "Marseille Duchamps"]

1. e4 c5 2. c3 Nf6 3. e5 Nd5 4. Nf3 e6 5. d4 cxd4 6. Bc4 Nb6 7. Bb3 Nc6 8. cxd4
d6 9. Qe2 d5 10. h4 a5 11. a4 Bd7 12. Rh3 Nc8 13. Na3 Qb6 14. Qd1 Nb4 15. h5 h6
16. Kf1 Na7 17. Kg1 O-O-O 18. Bd2 Kb8 19. Bc3 Rc8 20. Qd2 Rc7 21. Bd1 Be8 22.
Qf4 Nc8 23. Nh2 Ne7 24. Qd2 Nc8 25. Nc2 Nc6 26. Ng4 N8a7 27. Be2 Be7 28. Bf1
Nb4 29. Nxb4 Bxb4 30. Ne3 Nc6 31. Nc2 Bxc3 32. bxc3 Qb2 33. Qd1 Ne7 34. Rb1 Qa2
35. Ra1 Qb2 36. c4 dxc4 37. Rb1 c3 38. Rxb2 cxb2 39. Qb1 Nd5 40. Qxb2 Bxa4 41.
Ne3 Nxe3 42. Rxe3 Bc6 43. Ra3 1-0

[Event " "]
[Site "Lyon Olympique Echecs"]
[Date "1.??.??"]
[Round "11.3"]
[White "Nemirovski, Serge"]
[Black "Renet, Olivier"]
[Result "0-1"]
[WhiteElo "2269"]
[BlackElo "2519"]
[PlyCount "98"]
[EventDate "1.??.??"]
[WhiteTeam "Vincennes"]
[BlackTeam "Marseille Duchamps"]

1. d4 Nf6 2. Nf3 g6 3. Bf4 d6 4. e3 Nh5 5. Bg5 h6 6. Bh4 g5 7. Nfd2 Ng7 8. Bg3
Nf5 9. Nc3 h5 10. h4 e5 11. dxe5 Nxg3 $11 12. fxg3 Nc6 13. Nde4 Nxe5 14. hxg5
Bg7 15. Rxh5 Bg4 16. Rxh8+ Bxh8 17. Be2 Qd7 18. Bxg4 Nxg4 19. Qd2 O-O-O 20.
O-O-O Qe6 21. Qd5 Nxe3 22. Qxe6+ fxe6 23. Re1 Ng4 24. Ne2 d5 25. Nc5 e5 26. Rh1
b6 27. Ne6 Re8 28. g6 Bf6 29. g7 Rg8 30. Rh7 Kd7 31. Nf8+ Kd6 32. Nc3 c6 33.
Ng6 Rxg7 34. Rxg7 Bxg7 35. Nh4 Ke6 36. Nf3 Bh6+ 37. Kb1 Be3 38. Nd1 e4 39. Nh2
Nxh2 40. Nxe3 d4 41. Nc4 Kd5 42. b3 b5 43. Na5 c5 44. Kb2 c4 45. b4 e3 46. Kc1
Ng4 47. a3 d3 48. cxd3 cxd3 49. Nb3 Kc4 0-1

[Event " "]
[Site "Lyon Olympique Echecs"]
[Date "1.??.??"]
[Round "11.4"]
[White "Boudre, Jean-Pierre"]
[Black "Schabanel, Stephane"]
[Result "1/2-1/2"]
[WhiteElo "2328"]
[BlackElo "2289"]
[PlyCount "54"]
[EventDate "1.??.??"]
[WhiteTeam "Marseille Duchamps"]

1. e4 c5 2. Nf3 d6 3. d4 cxd4 4. Nxd4 Nf6 5. Nc3 Nc6 6. Bg5 e6 7. Qd2 a6 8.
O-O-O Bd7 9. f3 Be7 10. h4 h6 11. Be3 h5 12. Bg5 Ne5 13. Kb1 b5 $11 14. Bd3 Qc7
15. Nce2 Qb7 16. Rhe1 Rc8 17. Ng3 Nc4 18. Bxc4 bxc4 19. c3 Ba4 20. Rc1 g6 21.
Qf4 e5 22. Qd2 Bd7 23. Nc2 Be6 24. Ne3 Nh7 25. Bxe7 Kxe7 26. Ne2 Nf6 27. Rcd1
Rhd8 1/2-1/2

[Event " "]
[Site "Lyon Olympique Echecs"]
[Date "1.??.??"]
[Round "11.5"]
[White "Carbonnel, Pierre"]
[Black "Poisson, Olivier"]
[Result "1-0"]
[WhiteElo "2276"]
[BlackElo "2159"]
[PlyCount "59"]
[EventDate "1.??.??"]
[WhiteTeam "Vincennes"]
[BlackTeam "Marseille Duchamps"]

1. e4 d6 2. d4 Nf6 3. Nc3 g6 4. Be3 Bg7 5. Qd2 h6 6. f3 c6 7. O-O-O Qc7 8. g4
b6 9. h4 h5 10. g5 Nh7 11. f4 Nf8 12. Bd3 Bg4 13. Rf1 e6 14. Nge2 Nbd7 15. Ng3
d5 16. exd5 cxd5 17. f5 gxf5 18. Nb5 Qc6 19. Bf4 Ng6 20. Nd6+ Kf8 21. Bb5 Qc7
22. Nxf7 Nxf4 23. Nxh8 Bxh8 24. Rxf4 Rc8 25. Re1 Kf7 26. g6+ Kf6 27. Rxg4 hxg4
28. Qg5+ Kg7 29. Qe7+ Kg8 30. Qf7# 1-0

[Event " "]
[Site "Lyon Olympique Echecs"]
[Date "1.??.??"]
[Round "11.6"]
[White "Hulin, Jerome"]
[Black "Fayard, Alain"]
[Result "0-1"]
[WhiteElo "2085"]
[BlackElo "2295"]
[PlyCount "180"]
[EventDate "1.??.??"]
[WhiteTeam "Marseille Duchamps"]

1. d4 Nf6 2. c4 e6 3. Nc3 Bb4 4. Nf3 c5 5. g3 b6 6. Bg2 Bb7 7. O-O cxd4 8. Nb5
O-O 9. Bf4 Nc6 10. Nd6 Ba6 11. Nxd4 Qe7 12. Bxc6 Bxd6 13. Bxa8 Bxf4 14. Bg2 Bb8
15. Qa4 Bc8 16. Rfd1 h5 17. Nb5 a6 18. Qa3 Qd8 19. Nd6 h4 20. Qf3 hxg3 21. hxg3
Nh7 22. Rd4 f5 23. Rad1 Nf6 24. b4 e5 25. Rh4 g6 26. c5 bxc5 27. bxc5 Ba7 28.
Qc3 Qe7 29. Qc1 f4 30. Qc2 Kg7 31. Be4 fxg3 32. fxg3 Nxe4 33. Nxe4 Bb7 34. Qc1
Bxe4 35. Qh6+ Kf7 36. Rxe4 Bxc5+ 37. e3 Qe6 38. Rf1+ Ke8 39. Rxf8+ Bxf8 40. Qh8
d6 41. Rb4 Qc8 42. Rb1 Qc7 43. Qg8 Qa7 44. Qxg6+ Kd8 45. Qg5+ Be7 46. Qg8+ Kd7
47. Kf2 Qc7 48. Qg4+ Ke8 49. Qg6+ Kd7 50. Qe4 Ke6 51. Qg4+ Kf6 52. Rf1 Kf7 53.
Qh5+ Kg7 54. Kg1 Bf6 55. Qf5 Qe7 56. Qg4+ Bg5 57. Rb1 Kh6 58. Kg2 Kg7 59. Qe4
Qe6 60. Rb7+ Kf6 61. Rb2 Kg7 62. Rd2 Be7 63. Kg1 Bg5 64. Rh2 Bh6 65. Qb7+ Kg6
66. Qe4+ Kg7 67. Rh4 Qf6 68. Kg2 Qf7 69. Rg4+ Kh8 70. Qa8+ Kh7 71. e4 Qxa2+ 72.
Kh3 Qf7 73. Qxa6 Qh5+ 74. Rh4 Qd1 75. Qb7+ Kg6 76. Qb2 Bg5 77. Rg4 Kh5 78.
Rxg5+ Kxg5 79. Kg2 Kg4 80. Qc3 Qe2+ 81. Kg1 Qxe4 82. Qc8+ Kxg3 83. Qg8+ Qg4 84.
Qb3+ Kf4+ 85. Kf2 Qh4+ 86. Kg2 Qg4+ 87. Kf2 Qf5 88. Qd5 Qc2+ 89. Kf1 Qb1+ 90.
Kg2 Qe4+ 0-1

[Event " "]
[Site "Lyon Olympique Echecs"]
[Date "1.??.??"]
[Round "11.7"]
[White "Lohou, Stephane"]
[Black "Fernandez, Laura"]
[Result "1-0"]
[WhiteElo "2156"]
[BlackElo "2049"]
[PlyCount "43"]
[EventDate "1.??.??"]
[WhiteTeam "Vincennes"]
[BlackTeam "Marseille Duchamps"]

1. e4 d5 2. exd5 Qxd5 3. Nc3 Qd6 4. d4 Nf6 5. Nf3 a6 6. Bd3 e6 7. O-O Nbd7 8.
Qe2 Be7 9. Rd1 O-O 10. Ne5 b5 11. a4 b4 12. Ne4 Qd5 13. Nxd7 Nxd7 14. Ng5 Bxg5
15. Be4 Qd6 16. Bxa8 Bxc1 17. Raxc1 Nb6 18. Be4 Nxa4 19. c4 f5 20. c5 Qf4 21.
Bc6 Rd8 22. Bxa4 1-0

[Event " "]
[Site "Lyon Olympique Echecs"]
[Date "1.??.??"]
[Round "11.8"]
[White "Vincensini, Emmanuel"]
[Black "Descroix, Claire"]
[Result "1-0"]
[WhiteElo "1984"]
[BlackElo "1610"]
[PlyCount "87"]
[EventDate "1.??.??"]
[WhiteTeam "Marseille Duchamps"]

1. d4 d5 2. c4 Nc6 3. Nf3 Bg4 4. Nc3 e6 5. cxd5 exd5 6. Bf4 Nf6 7. e3 Be7 8. h3
Be6 9. Rc1 O-O 10. Bd3 Bd6 11. Bxd6 Qxd6 12. Bb1 a6 13. O-O Rae8 14. a3 Bc8 15.
b4 Ne4 16. Qb3 Nxc3 17. Qxc3 Re6 18. Rfd1 Rh6 19. Qc5 Qd8 20. Ba2 Be6 21. b5
axb5 22. Qxb5 Qd6 23. Qxb7 Bxh3 24. Rxc6 Qxc6 25. Qxc6 Rxc6 26. gxh3 Rd8 27.
Ne5 Rc2 28. Bb3 Rc3 29. Rd3 Rc1+ 30. Kg2 f6 31. Nf3 c5 32. dxc5 Rxc5 33. e4 Ra5
34. a4 Kf8 35. exd5 Rd6 36. Nd4 Rd7 37. Nb5 g6 38. d6 Kg7 39. Kf3 Kf8 40. Ke4
Ke8 41. Kd5 Kd8 42. Rc3 f5 43. Ke5 Ra6 44. Be6 1-0

[Event " "]
[Site "Lyon Olympique Echecs"]
[Date "1.??.??"]
[Round "11.1"]
[White "Minet, Steve"]
[Black "Anic, Darko"]
[Result "0-1"]
[WhiteElo "2171"]
[BlackElo "2450"]
[PlyCount "82"]
[EventDate "1.??.??"]
[WhiteTeam "Reims Echecs Mat"]
[BlackTeam "Cannes II"]

1. e4 e5 2. Nf3 Nc6 3. Bb5 a6 4. Bxc6 dxc6 5. O-O Bg4 6. h3 h5 7. d3 Qf6 8.
Nbd2 Ne7 9. Re1 Ng6 10. hxg4 hxg4 11. Nh2 Rxh2 12. Qxg4 Qh4 13. Qxh4 Rxh4 14.
d4 exd4 15. Nf3 Rh5 16. Nxd4 O-O-O 17. Nf5 Re8 18. Bd2 Ne5 19. Bc3 g6 20. Ng3
Rh4 21. Rad1 Bd6 22. Nf1 Bc5 23. Bd4 Bxd4 24. Rxd4 f5 25. f3 f4 26. Kf2 g5 27.
Rdd1 g4 28. fxg4 Nxg4+ 29. Kf3 Ne5+ 30. Kf2 Rg8 31. g3 fxg3+ 32. Kg2 Rf4 33.
Re2 Rf3 34. Ne3 Rh8 35. Ng4 Rff8 36. Nxe5 Rh2+ 37. Kxg3 Rxe2 38. Ng6 Re8 39. e5
Rxc2 40. Kg4 Rxb2 41. Re1 Rg8 0-1

[Event " "]
[Site "Lyon Olympique Echecs"]
[Date "1.??.??"]
[Round "11.2"]
[White "Sanchez, Joseph"]
[Black "Camus, Berenger"]
[Result "1-0"]
[WhiteElo "2497"]
[BlackElo "2162"]
[PlyCount "73"]
[EventDate "1.??.??"]
[WhiteTeam "Cannes II"]

1. e4 c5 2. Nf3 Nc6 3. d4 cxd4 4. Nxd4 e5 5. Nb5 a6 6. Nd6+ Bxd6 7. Qxd6 Qf6 8.
Qxf6 Nxf6 9. Nc3 d5 10. exd5 Nb4 11. Bd3 Nfxd5 12. Nxd5 Nxd5 13. Bd2 Be6 14.
O-O-O f6 15. Rde1 Kf7 16. b3 Rhd8 17. h4 h5 18. g3 a5 19. Kb2 Nb4 20. Bxb4 axb4
21. Re4 Bf5 22. Rxb4 Bxd3 23. Rxb7+ Kg6 24. cxd3 Rxd3 25. a4 Rd2+ 26. Kc3 Rxf2
27. Ra1 Rf3+ 28. Kb4 Rxg3 29. a5 e4 30. a6 e3 31. a7 f5 32. Kc3 Rc8+ 33. Kd4
Rd8+ 34. Ke5 e2 35. Kf4 Rd4+ 36. Kxg3 Rd1 37. Ra6+ 1-0

[Event " "]
[Site "Lyon Olympique Echecs"]
[Date "1.??.??"]
[Round "11.3"]
[White "Desanlis, Anne-Sophie"]
[Black "Peric, Slavisa"]
[Result "0-1"]
[WhiteElo "1916"]
[BlackElo "2289"]
[PlyCount "68"]
[EventDate "1.??.??"]
[WhiteTeam "Reims Echecs Mat"]
[BlackTeam "Cannes II"]

1. c4 e5 2. g3 Nc6 3. Bg2 Nf6 4. Nc3 Bb4 5. Nd5 Bc5 6. a3 a6 7. e3 d6 8. Ne2
O-O 9. O-O Re8 10. b4 Ba7 11. Bb2 Nxd5 12. cxd5 Ne7 13. d4 f6 14. h3 Bf5 15.
dxe5 fxe5 16. e4 Bd7 17. Kh2 Ng6 18. f4 exf4 19. Nxf4 Ne5 20. Rc1 Rc8 21. a4
Qe7 22. Qb3 Bb8 23. b5 axb5 24. axb5 Ba7 25. Nd3 Nxd3 26. Qxd3 Bc5 27. e5 dxe5
28. Be4 h6 29. Bh7+ Kh8 30. Bg6 Rf8 31. Qe2 Bd6 32. Bd3 e4 33. Qxe4 Qxe4 34.
Bxe4 Bxb5 0-1